All AC Milan scorers 2000-now - Statistics

General Stats
  • This quiz has been taken 437 times
    406 since last reset
  • The average score is 64 of 141
Answer Stats
# Goals Nationality Answer % Correct
86 Sweden Zlatan Ibrahimovic
98%
148 Ukraine Andrij Shevchenko
97%
128 Italy Filippo Inzaghi
95%
101 Brazil Kakà
92%
62 Netherlands Clarence Seedorf
91%
8 Italy Paolo Maldini
90%
62 Brazil Alexandre Pato
85%
41 Italy Andrea Pirlo
84%
31 Ivory Coast Frank Kessie
84%
14 Portugal Rafael Leao
83%
26 Brazil Ronaldinho
83%
32 Turkey Hakan Calhanoglu
82%
10 Italy Alessandro Nesta
81%
34 Colombia Carlos Bacca
78%
10 Italy Ivan Gennaro Gattuso
78%
32 Brazil Robinho
78%
9 Brazil Ronaldo
76%
2 France Olivier Giroud
73%
13 Georgia Kakhaber Kaladze
72%
11 Japan Keisuke Honda
72%
16 Poland Krzystof Piatek
71%
33 Italy Massimo Ambrosini
71%
10 Portugal Andre Silva
70%
4 Brazil Cafù
70%
24 Croatia Ante Rebic
69%
24 Spain Jesus Suso
69%
18 Ghana Kevin Prince Boateng
68%
44 Italy Alberto Gilardino
67%
13 Ghana Sulley Muntari
66%
6 Brazil Thiago Silva
66%
5 Colombia Cristian Zapata
65%
1 Denmark Simon Kjaer
65%
13 France Theo Hernandez
65%
34 Italy Mario Balotelli
64%
16 Argentina Hernan Crespo
62%
1 Algeria Ismael Bennacer
61%
36 Denmark John Dahl Tomasson
61%
5 Italy Davide Calabria
60%
7 France Philippe Mexes
60%
2 England David Beckham
59%
1 Spain Fernando Torres
59%
27 Italy Stephan El Shaarawy
59%
9 Italy Alessio Romagnoli
58%
3 Italy Ignazio Abate
58%
8 Argentina Gonzalo Higuain
57%
20 France Jeremy Menez
57%
10 Portugal Manuel Rui Costa
55%
10 Italy Riccardo Montolivo
55%
2 Netherlands Jaap Stam
54%
4 Switzerland Ricardo Rodriguez
54%
36 Italy Giacomo Bonaventura
52%
5 Slovakia Juraj Kucka
52%
6 Brazil Luiz Adriano
52%
5 Czech Rep. Marek Jankulovski
52%
9 Spain Brahim Diaz
51%
21 Italy Marco Borriello
50%
2 Bosnia Rade Krunic
50%
1 Italy Alessandro Costacurta
49%
8 Italy Antonio Cassano
49%
13 Italy Antonio Nocerino
49%
2 Italy Leonardo Bonucci
49%
4 Morocco Adel Taarabt
48%
2 Italy Gianluca Zambrotta
48%
27 Italy Patrick Cutrone
48%
21 Brazil Serginho
48%
23 Italy Giampaolo Pazzini
47%
5 Norway Jens Petter Hauge
45%
7 Netherlands Nigel De Jong
45%
5 Croatia Nikola Kalinic
45%
10 Spain Samu Castillejo
45%
8 Peru Gianluca Lapadula
44%
2 Argentina Lucas Biglia
44%
4 France Adil Rami
42%
7 Netherlands Klaas Jan Huntelaar
42%
1 Italy Luca Antonini
42%
1 France Pierre Kalulu
41%
5 Netherlands Urby Emanuelson
41%
2 Italy Christian Vieri
39%
5 Croatia Mario Pasalic
39%
2 Italy Massimo Oddo
39%
12 France Mbaye Niang
39%
3 Italy Andrea Poli
38%
2 Colombia Mario Yepes
38%
3 Italy Mattia Destro
38%
8 Brazil Rivaldo
38%
4 Brazil Alex
37%
5 Italy Luca Antonelli
37%
8 France Mathieu Flamini
37%
9 Germany Oliver Bierhoff
37%
1 Kazakhstan Alexander Merkel
36%
2 Slovenia Valter Birsa
36%
2 Italy Gabriel Paletta
35%
4 Spain Gerard Deulofeu
35%
1 Netherlands Marco Van Ginkel
35%
2 Argentina Mateo Musacchio
35%
1 Croatia Dario Simic
34%
1 Brazil Lucas Paqueta
34%
1 Chile Matias Fernandez
34%
1 Italy Alessandro Matri
33%
2 Italy Andrea Bertolacci
32%
3 Croatia Zvonimir Boban
32%
1 Denmark Thomas Helveg
31%
1 France Tiemouè Bakayoko
31%
2 Portugal Diogo Dalot
30%
4 Italy Alberto Paloschi
28%
1 Algeria Djamel Mesbah
28%
1 Sierra Leone Rodney Strasser
28%
6 Italy Christian Brocchi
26%
13 Spain Josè Mari
25%
3 Spain Bojan Krkic
24%
2 Italy Manuel Locatelli
24%
1 Italy Alessio Cerci
23%
2 Italy Giuseppe Pancaro
23%
2 Italy Demetrio Albertini
22%
8 Italy Fabio Borini
22%
3 Italy Gianni Comandini
22%
2 Italy Giuseppe Favalli
22%
5 Brazil Ricardo Oliveira
20%
3 France Yoann Gourcuff
20%
2 Denmark Martin Laursen
19%
4 Romania Cosmin Contra
18%
1 Italy Marco Simone
18%
1 Italy Alberto Aquilani
17%
1 Italy Christian Zaccardo
15%
8 Brazil Leonardo
15%
1 Italy Bryan Cristante
14%
2 Italy Federico Giunti
14%
1 Italy Lorenzo Colombo
14%
3 Argentina Andres Guglielminpietro
13%
4 Belgium Alexis Saelemakers
12%
4 Italy Francesco Coco
11%
9 Spain Javi Moreno
11%
2 Argentina Maxi Lopez
11%
1 Senegal Mohamed Sarr
11%
1 Belarus Vitaly Kutuzov
11%
1 Brazil Marcio Amoroso
9%
1 England Fikayo Tomori
8%
1 Italy Luigi Sala
8%
1 Argentina Matias Silvestre
8%
1 Italy Sandro Tonali
8%
1 Italy Samuele Dalla Bona
3%
No matching quizzes found
Score Distribution
Percent of People with Each Score
Percentile by Number Answered
Your Score History
You have not taken this quiz since the last reset